| 000 | 00835nac a22002291u 4500 | ||
|---|---|---|---|
| 010 | _a 65023415 | ||
| 035 | _a(OCoLC)489736 | ||
| 082 |
_a615.89096 _bG2815 |
||
| 090 |
_c2971 _d2971 |
||
| 100 | _aGelfand, Michael. | ||
| 245 | 1 | 0 |
_aWitch doctor, _btraditional medicine man of Rhodesia. _cWith a foreword by Sir Roy Welensky. |
| 260 |
_aNew York, _bPraeger _c[1965, c1964] |
||
| 300 |
_a191 p. _billus., group port. _c22 cm. |
||
| 500 | _aDonations. | ||
| 500 | _aDonations - Dr. Mostafa Gouda. | ||
| 504 | _aBibliographical footnotes. | ||
| 650 | 0 | _aTraditional medicine. | |
| 650 | 0 |
_aWitchcraft _zRhodesia. |
|
| 650 | 0 | _aShona (African people) | |
| 942 |
_cBB _k615.89096G2815 |
||
| 999 |
_c2971 _d2971 |
||